[Event "55smm A Richter/Lask-Ehrenburg"]
[Site "?"]
[Date "2024.03.09"]
[Round "9.2"]
[White "Casisa, Davide"]
[Black "Hengl, Christian"]
[Result "0-1"]
[WhiteElo "1430"]
[BlackElo "2125"]
[PlyCount "60"]
[EventDate "2024.03.09"]

{[%evp 0,60,31,18,30,20,27,-1,-11,-10,0,1,0,-35,-29,-29,-17,-20,-18,-16,-14,
-16,-9,-10,-8,-24,-15,-28,-14,-19,-19,-147,-147,-136,-113, -126,-125,-147,-130,
-146,-146,-148,-102,-108,-94,-108,-108,-217,-222,-248,-255,-238,-259,-248,-234,
-384,-488,-599,-651,-823,-54 2,-933,-961]} 1. Nf3 d5 2. d4 Nf6 3. g3 Bf5 4. Bg2
e6 5. O-O h6 6. c3 Nbd7 7. Nbd2 Be7 8. b3 O-O 9. c4 c6 10. Bb2 Rc8 11. c5 b6
12. b4 Rb8 13. Bc3 Qc7 14. Nh4 Bh7 15. f4 Ng4 16. Qc1 Ne3 17. Rf3 Nc2 18. Rb1
bxc5 19. bxc5 Rxb1 20. Nxb1 Rb8 21. f5 Bxh4 22. gxh4 Nb4 23. fxe6 Nxa2 24.
exf7+ Kf8 25. Qe3 Rxb1+ 26. Be1 Qd8 27. Kf1 Nf6 28. Qa3 Nb4 29. Rc3 Qc7 30. Rc1
Qf4+ 0-1

[Event "55smm A Richter/Lask-Ehrenburg"]
[Site "?"]
[Date "2024.03.09"]
[Round "9.3"]
[White "Hengl, Philip"]
[Black "Mumelter, Erwin"]
[Result "1-0"]
[WhiteElo "1952"]
[BlackElo "1689"]
[PlyCount "49"]
[EventDate "2024.03.09"]

{[%evp 0,49,18,5,40,52,40,40,34,34,28,26,84,53,72,31,59,38,44,42,46,49,45,33,
68,11,55,39,78,82,151,145,138,151,169,10,10,-43,10,10,18, -123,-51,-128,-34,
-34,260,446,29991,29992,29995,29996]} 1. e4 c5 2. Nf3 Nc6 3. d4 cxd4 4. Nxd4 e6
5. Nc3 a6 6. Be3 Nf6 7. a3 Be7 8. f4 d5 9. e5 Nd7 10. Qg4 g6 11. Nb3 Nb6 12.
O-O-O Qc7 13. Qf3 Bd7 14. Qf2 Nc4 15. Bxc4 dxc4 16. Bb6 Qc8 17. Rxd7 Qxd7 18.
Nc5 Qc8 19. N3e4 O-O 20. h4 h5 21. g4 hxg4 22. h5 f5 23. hxg6 Kg7 24. Rh7+ Kxg6
25. Qh2 1-0

[Event "55smm A Richter/Lask-Ehrenburg"]
[Site "?"]
[Date "2024.03.09"]
[Round "9.4"]
[White "Pardeller, Arthur"]
[Black "Babinetz, Rainer"]
[Result "0-1"]
[WhiteElo "1516"]
[BlackElo "1915"]
[PlyCount "42"]
[EventDate "2024.03.09"]

{[%evp 0,42,30,30,20,-13,-11,1,47,35,43,3,10,15,20,-44,45,22,22,-217,-216,-267,
-275,-282,-258,-281,-285,-293,-309,-312,-288,-323,-324, -334,-330,-471,-470,
-454,-472,-611,-653,-1139,-1147,-1015,-1019]} 1. d4 d5 2. c4 e6 3. Nc3 c6 4.
Nf3 Nf6 5. Bg5 Nbd7 6. e3 Qa5 7. a3 dxc4 8. Bxc4 Ne4 9. Qc2 Nxg5 10. Nxg5 Qxg5
11. O-O Bd6 12. f4 Qe7 13. Rf3 Nb6 14. Bd3 Bd7 15. b4 Nd5 16. Ne4 f5 17. Ng5 h6
18. Nh3 g5 19. fxg5 hxg5 20. Nf2 Bxh2+ 21. Kf1 g4 0-1

[Event "55smm A Richter/Lask-Ehrenburg"]
[Site "?"]
[Date "2024.03.09"]
[Round "9.5"]
[White "Gruber, Alexander"]
[Black "Unterweger, Christian"]
[Result "1-0"]
[WhiteElo "1856"]
[BlackElo "1533"]
[PlyCount "52"]
[EventDate "2024.03.09"]

{[%evp 0,52,28,17,13,19,5,0,14,-7,7,-1,4,4,11,-16,-19,-20,-3,-24,14,6,17,22,21,
10,44,58,42,34,52,52,67,57,67,70,73,69,69,69,144,141,14 0,104,212,219,194,200,
242,266,423,182,292,233,29997]} 1. e4 e5 2. Nf3 Nc6 3. Bc4 Bc5 4. c3 Nf6 5. b4
Bb6 6. d3 d6 7. Bg5 h6 8. Bh4 O-O 9. a4 a6 10. O-O Qe7 11. Nbd2 Be6 12. Re1 Nb8
13. d4 Nbd7 14. h3 Bxc4 15. Nxc4 Ba7 16. Bxf6 Qxf6 17. dxe5 Nxe5 18. Ncxe5 dxe5
19. Qd5 Rfe8 20. Qxb7 c6 21. Rad1 Rec8 22. Rd7 c5 23. b5 axb5 24. axb5 c4 25.
Qd5 Re8 26. Qxc4 Qb6 1-0

[Event "55smm A Richter/Lask-Klausen"]
[Site "?"]
[Date "2024.03.09"]
[Round "9.1"]
[White "Schacher, Gerd"]
[Black "De Eccher, Stefano"]
[Result "1/2-1/2"]
[WhiteElo "2253"]
[BlackElo "2175"]
[PlyCount "33"]
[EventDate "2024.03.09"]

1. Nf3 Nf6 2. c4 e6 3. g3 b6 4. Bg2 Bb7 5. O-O Be7 6. Re1 O-O 7. Nc3 Ne4 8.
Nxe4 Bxe4 9. d3 Bb7 10. e4 c5 11. d4 cxd4 12. Nxd4 d6 13. b3 a6 14. Bb2 Nd7 15.
Qg4 Nf6 16. Qe2 Qc7 17. Rad1 1/2-1/2

[Event "55smm A Richter/Lask-Klausen"]
[Site "?"]
[Date "2024.03.09"]
[Round "9.2"]
[White "Moncher, Stefano"]
[Black "Seebacher, Michael"]
[Result "1/2-1/2"]
[WhiteElo "2168"]
[BlackElo "2087"]
[PlyCount "82"]
[EventDate "2024.03.09"]

1. e4 e6 2. d3 d5 3. Nd2 c5 4. Ngf3 Nc6 5. g3 Nf6 6. Bg2 Qc7 7. O-O Be7 8. Re1
O-O 9. e5 Nd7 10. Qe2 f6 11. exf6 Nxf6 12. c4 Bd7 13. Nb3 Rae8 14. Bf4 Bd6 15.
Bxd6 Qxd6 16. Ne5 Nxe5 17. Qxe5 Qxe5 18. Rxe5 b6 19. Bh3 Kf7 20. Rae1 d4 21.
Nd2 Ke7 22. f4 Kd6 23. Nf3 h6 24. R5e2 Nh7 25. Ne5 Bc8 26. a3 g5 27. f5 g4 28.
Nxg4 Ng5 29. Bg2 h5 30. Ne5 Rxf5 31. h4 Nf7 32. Nxf7+ Rxf7 33. Re5 Rh8 34. Rg5
Rf5 35. Rg6 Bd7 36. Bh3 Re5 37. Rxe5 Kxe5 38. Rg5+ Kf6 39. Bg2 e5 40. Be4 Be6
41. Rg6+ Kf7 1/2-1/2

[Event "55smm A Richter/Lask-Klausen"]
[Site "?"]
[Date "2024.03.09"]
[Round "9.3"]
[White "Bodrov, Timofey"]
[Black "Bevilacqua, Maurizio"]
[Result "0-1"]
[WhiteElo "2111"]
[BlackElo "2027"]
[PlyCount "70"]
[EventDate "2024.03.09"]

1. e4 c5 2. Nf3 e6 3. d4 cxd4 4. Nxd4 a6 5. Bd3 Nc6 6. Nxc6 bxc6 7. O-O d5 8.
Nd2 Nf6 9. c4 Be7 10. Re1 Bb7 11. e5 Nd7 12. Qg4 g6 13. Nf3 dxc4 14. Bxc4 Nb6
15. Bb3 h5 16. Qg3 h4 17. Qg4 Nd5 18. Bg5 Rh5 19. Bxe7 Qxe7 20. h3 a5 21. Rac1
Kf8 22. Qd4 Kg7 23. Nd2 Rf5 24. Ne4 Rf4 25. Qd1 Rd8 26. Nd6 Rb4 27. Qd2 Nf4 28.
Qe3 Qg5 29. Qf3 Rxd6 30. exd6 c5 31. Qg4 Ne2+ 32. Kf1 Rxg4 33. Kxe2 Ba6+ 34.
Kd1 Rd4+ 35. Kc2 Qf5+ 0-1

[Event "55smm A Richter/Lask-Klausen"]
[Site "?"]
[Date "2024.03.09"]
[Round "9.4"]
[White "Billio, Atto"]
[Black "Seebacher, Reinhard"]
[Result "1/2-1/2"]
[WhiteElo "2004"]
[BlackElo "1931"]
[PlyCount "71"]
[EventDate "2024.03.09"]

{[%evp 0,71,20,28,16,16,10,-13,-1,-5,6,-6,5,-21,-11,-16,-13,-12,-6,-38,-14,-32,
-32,-32,-15,-3,34,32,56,51,59,0,11,6,18,18,18,-15,36,29 ,33,-6,-1,-1,-10,-34,
-30,-35,-23,-34,-34,-24,-46,-125,-57,-61,-100,-100,-33,-45,0,12,17,0,17,19,14,
6,7,0,12,7,5,0]} 1. Nf3 d5 2. e3 Nf6 3. b3 Bg4 4. Bb2 e6 5. h3 Bh5 6. g4 Bg6 7.
Ne5 Nbd7 8. Nxg6 hxg6 9. c4 c6 10. Be2 Bd6 11. Nc3 Qe7 12. Qc2 Ba3 13. g5 Nh7
14. Bxa3 Qxa3 15. cxd5 exd5 16. f4 Nhf8 17. h4 Ne6 18. Bg4 Ndf8 19. Ne2 O-O-O
20. Nd4 Qe7 21. O-O-O Kb8 22. Qb2 Nc5 23. Qc2 Nfe6 24. Nxe6 Nxe6 25. h5 gxh5
26. Bxh5 d4 27. Bf3 Rxh1 28. Bxh1 dxe3 29. dxe3 Rxd1+ 30. Kxd1 Kc7 31. Qc3 f6
32. gxf6 gxf6 33. Qa5+ Kb8 34. Qh5 Kc7 35. Qa5+ Kb8 36. Qh5 1/2-1/2

[Event "55smm A Richter/Lask-Klausen"]
[Site "?"]
[Date "2024.03.09"]
[Round "9.5"]
[White "Unterfrauner, Albert"]
[Black "Buglisi, Massimo"]
[Result "1-0"]
[WhiteElo "2177"]
[BlackElo "1911"]
[PlyCount "73"]
[EventDate "2024.03.09"]

{[%evp 0,73,30,-5,-11,-6,36,35,37,9,6,1,20,29,43,29,43,15,41,36,46,53,41,29,29,
24,17,11,-5,-15,-4,0,0,-50,-9,19,16,-244,-201,-216,-223 ,-262,-278,-274,-280,
-277,-237,-189,-149,-154,-35,-21,-21,-25,-27,-20,-20,-20,132,174,174,-44,-71,
-29,-16,-23,57,57,57,-2,232,6 2,29993,29994,29995,29996]} 1. c4 Nf6 2. Nc3 g6
3. Nf3 Bg7 4. g3 O-O 5. Bg2 d6 6. O-O e5 7. d4 Nbd7 8. e3 Re8 9. b3 Nf8 10. Bb2
e4 11. Nd2 Bf5 12. h3 h5 13. Kh2 c6 14. Qe2 Qd7 15. f3 exf3 16. Qxf3 N8h7 17.
Qf4 h4 18. e4 Nh5 19. Qxh4 Bf6 20. Qxf6 N7xf6 21. exf5 gxf5 22. d5 c5 23. Rf3
Re7 24. Raf1 Ne4 25. Ndxe4 fxe4 26. Rf5 Ng7 27. Rg5 f5 28. g4 fxg4 29. Nxe4 Rf8
30. Rxf8+ Kxf8 31. Rxg4 Qf5 32. Nxd6 Qc2 33. Bf6 Rd7 34. Ne4 Nf5 35. Nxc5 Rf7
36. Ne6+ Ke8 37. Rg8+ 1-0

[Event "55smm A Steinegg-Deutschnofen"]
[Site "?"]
[Date "2024.03.09"]
[Round "9.1"]
[White "Zamengo, Fulvio"]
[Black "Engl, Stefan"]
[Result "1-0"]
[WhiteElo "2345"]
[BlackElo "1992"]
[PlyCount "115"]
[EventDate "2024.03.09"]

{[%evp 0,115,37,28,46,36,46,24,30,23,64,54,54,52,72,14,34,24,26,2,3,1,-3,-1,-1,
-14,-19,-15,1,-21,-14,-20,11,-33,-31,-39,-9,-26,0,-9,5, 4,0,-13,-7,-7,-7,-7,-7,
-45,-57,-103,-113,-125,-140,-150,-121,-113,-117,-122,-122,-186,-123,-120,-121,
-170,-99,-154,-112,-126,15 7,150,203,203,212,203,225,267,297,299,341,355,355,
306,306,307,316,95,139,113,152,215,218,137,142,142,147,147,147,148,228,161,19
1,198,189,189,151,167,179,204,229,229,475,496,807,899,952,1013]} 1. e4 e6 2. d4
d5 3. Nc3 Bb4 4. e5 Qd7 5. a3 Bxc3+ 6. bxc3 b6 7. h4 Ba6 8. Qg4 f5 9. Qh5+ Qf7
10. Qf3 Bxf1 11. Kxf1 Nc6 12. Nh3 Na5 13. a4 O-O-O 14. h5 Nh6 15. g3 Qd7 16.
Qd3 Nf7 17. Kg2 Qc6 18. h6 g6 19. Bg5 Rd7 20. Qa6+ Qb7 21. Qxb7+ Kxb7 22. Bf6
Rc8 23. Nf4 Re8 24. g4 fxg4 25. Kf1 Nc4 26. Ke2 c5 27. Kd3 Kc6 28. Rag1 Nb2+
29. Kd2 Nxa4 30. Nd3 b5 31. Rxg4 a5 32. Bg7 Rb8 33. Rf4 Ng5 34. f3 Rf7 35. Bf6
Rbf8 36. Bxg5 c4 37. Rxf7 Rxf7 38. Nf4 Rf5 39. Rg1 b4 40. cxb4 axb4 41. Ke3 b3
42. cxb3 cxb3 43. Ne2 Kb5 44. Be7 b2 45. Ba3 Kc4 46. Nf4 Kb3 47. Bxb2 Nxb2 48.
Nxe6 Nc4+ 49. Kf2 Kc3 50. Rc1+ Kd2 51. Rb1 Rh5 52. Rb5 Ne3 53. Nf4 Rxh6 54.
Nxd5 Nf5 55. e6 g5 56. Nc7 Rh2+ 57. Kg1 Nxd4 58. Kxh2 1-0

[Event "55smm A Steinegg-Deutschnofen"]
[Site "?"]
[Date "2024.03.09"]
[Round "9.2"]
[White "Pichler, Martin"]
[Black "Dappiano, Andrea"]
[Result "0-1"]
[WhiteElo "1888"]
[BlackElo "2274"]
[PlyCount "86"]
[EventDate "2024.03.09"]

{[%evp 0,86,29,36,42,36,33,15,-3,-8,2,11,4,4,8,-41,-24,-64,-53,-75,-47,-57,-51,
-39,-24,-16,-16,-39,-18,-6,-40,-20,5,-8,-24,-38,1,-76,- 69,-50,-81,-81,-53,-55,
-53,-58,-80,-119,-124,-73,-79,-141,-108,-247,-258,-247,-249,-241,-241,-404,
-200,-183,-188,-200,-200,-193 ,-201,-207,-205,-209,-211,-215,-211,-207,-204,
-205,-199,-210,-216,-217,-214,-215,-196,-273,-277,-276,-292,-292,-292]} 1. e4
e6 2. d4 d5 3. e5 c5 4. c3 Nc6 5. Nf3 Qb6 6. Bd3 cxd4 7. O-O Bd7 8. Re1 Nge7 9.
h4 g6 10. Nbd2 dxc3 11. bxc3 Bg7 12. Rb1 Qc7 13. Qe2 Na5 14. c4 dxc4 15. Bxc4
Bc6 16. Bd3 O-O 17. h5 Rfd8 18. Be4 Nd5 19. hxg6 hxg6 20. Bb2 Nf4 21. Qe3 Bh6
22. Qc3 Rac8 23. Bxc6 Rd3 24. Qb4 Nxc6 25. Qa4 Qa5 26. Qc4 Ne7 27. Qe4 Rxd2 28.
Nxd2 Qxd2 29. Bc1 Ne2+ 30. Qxe2 Qxe2 31. Rxe2 Rxc1+ 32. Rxc1 Bxc1 33. g3 Nd5
34. Rc2 Ba3 35. Kg2 b6 36. Kf3 Bc5 37. Ke4 a5 38. f3 a4 39. g4 a3 40. f4 Kf8
41. f5 gxf5+ 42. gxf5 Ne3 43. Rd2 Nxf5 0-1

[Event "55smm A Steinegg-Deutschnofen"]
[Site "?"]
[Date "2024.03.09"]
[Round "9.3"]
[White "Gennari, Jacopo"]
[Black "Engl, Alexander"]
[Result "1-0"]
[WhiteElo "2116"]
[BlackElo "1845"]
[PlyCount "101"]
[EventDate "2024.03.09"]

{[%evp 0,101,36,25,21,-14,40,45,37,48,41,0,7,-2,4,7,0,12,19,-5,12,25,27,15,24,
-18,25,-66,30,31,25,-3,31,26,32,100,110,127,114,13,48,46 ,44,240,207,208,196,
196,196,196,196,194,199,218,210,209,227,242,250,215,215,203,215,199,188,134,
173,145,175,159,218,182,187,190 ,204,161,140,175,185,192,195,87,478,212,411,
335,327,334,334,336,389,409,409,423,429,392,424,423,420,444,592,625,29989,
29990]} 1. d4 Nf6 2. c4 g6 3. Nc3 Bg7 4. e4 d6 5. Nge2 O-O 6. Ng3 e5 7. d5 a5
8. Be2 Na6 9. h4 h5 10. Bg5 Qe8 11. Qd2 Nh7 12. O-O-O Nc5 13. Rdg1 Nf6 14. f3
b6 15. Nf1 Ncd7 16. Nb5 Qd8 17. g4 hxg4 18. Rxg4 Ba6 19. Rg2 Bxb5 20. cxb5 Qe8
21. h5 Nh7 22. hxg6 fxg6 23. Bh6 Qf7 24. Rhg1 Bxh6 25. Rxg6+ Kh8 26. Rxh6 Qf4
27. Rgh1 Rf7 28. Ne3 Rg8 29. Ng4 Rgg7 30. Kc2 Qxd2+ 31. Kxd2 Kg8 32. Re6 Kf8
33. Nh6 Rf6 34. Nf5 Rgf7 35. Bd3 Rxf5 36. exf5 Nhf6 37. Be4 Nc5 38. Rh6 Ncxe4+
39. fxe4 Nxe4+ 40. Ke3 Nc5 41. Ref6 Nd7 42. Rxf7+ Kxf7 43. Rh7+ Ke8 44. Kd3 Kd8
45. Rh8+ Ke7 46. Rc8 Nc5+ 47. Ke3 Kd7 48. Rh8 Ke7 49. Rh7+ Kd8 50. f6 Ne4 51.
Rh8+ 1-0

[Event "55smm A Steinegg-Deutschnofen"]
[Site "?"]
[Date "2024.03.09"]
[Round "9.4"]
[White "Lantschner, Carmen"]
[Black "Lain, Luigi"]
[Result "0-1"]
[WhiteElo "1642"]
[BlackElo "2243"]
[PlyCount "62"]
[EventDate "2024.03.09"]

{[%evp 0,62,14,33,25,17,16,15,19,3,16,13,25,26,57,53,102,71,54,37,43,36,51,28,
35,-2,21,-15,60,52,95,-59,-51,-511,-511,-514,-511,-511,- 516,-514,-523,-511,
-511,-496,-499,-502,-510,-522,-517,-566,-541,-611,-543,-651,-623,-620,-448,
-601,-479,-561,-293,-561,300,-624 ,-373]} 1. e4 e5 2. Nf3 Nc6 3. Bc4 Bc5 4. Nc3
d6 5. d3 Bg4 6. h3 Bh5 7. Be3 Qd7 8. g4 Bg6 9. Rg1 h5 10. Bxc5 hxg4 11. hxg4
dxc5 12. Qd2 O-O-O 13. O-O-O Nf6 14. Qg5 Rde8 15. Ne2 Rh3 16. Nd2 Nh7 17. Qe3
Rxe3 18. fxe3 Ng5 19. Ng3 Nh3 20. Rgf1 Qxg4 21. Nf5 Bxf5 22. exf5 f6 23. Ne4 b6
24. Rd2 Rh8 25. Nc3 Qg5 26. Re1 Qxf5 27. Rh2 Nd4 28. Ne4 g5 29. Rhh1 g4 30.
Ref1 Qg5 31. Rxf6 Ne2+ 0-1

[Event "55smm A Steinegg-Deutschnofen"]
[Site "?"]
[Date "2024.03.09"]
[Round "9.5"]
[White "Thurner, Markus"]
[Black "Schroffenegger, Simon"]
[Result "1-0"]
[WhiteElo "1918"]
[BlackElo "1581"]
[PlyCount "107"]
[EventDate "2024.03.09"]

{[%evp 0,107,25,16,26,15,66,20,13,13,61,73,72,51,61,73,85,48,140,146,130,129,
144,66,57,43,43,41,44,31,73,67,29,0,68,62,454,8,34,14,1,7 ,3,0,4,0,0,-27,-30,
-37,-34,-31,-31,-38,-29,-53,-39,-40,-26,-28,-30,-26,-25,-12,-10,-3,-3,28,33,52,
58,-3,49,62,63,45,119,92,119, 124,140,140,213,217,238,243,269,242,242,243,541,
647,798,382,389,504,1179,425,538,672,680,628,727,725,755,952,1002,1012,1016,
108 4]} 1. e4 e5 2. Nf3 Nf6 3. Nc3 Nc6 4. Bb5 d6 5. d4 Bd7 6. O-O a6 7. Bxc6
Bxc6 8. Bg5 Be7 9. dxe5 Nxe4 10. Bxe7 Nxc3 11. bxc3 Qxe7 12. exd6 Qxd6 13. Re1+
Kf8 14. Nd4 Re8 15. Qg4 Rxe1+ 16. Rxe1 Bd7 17. Qe4 c6 18. Qh4 f6 19. Qh5 g6 20.
Qh6+ Kf7 21. h3 Qc5 22. Re3 Qg5 23. Qxg5 fxg5 24. Kf1 Re8 25. Ke2 g4 26. Rxe8
Kxe8 27. h4 c5 28. Nb3 Bb5+ 29. Ke3 b6 30. Kf4 h5 31. Nd2 Kf7 32. Ke5 Bc6 33.
g3 Ke7 34. Nc4 b5 35. Nd6 Bd7 36. Ne4 c4 37. Nc5 Bf5 38. Nxa6 Bxc2 39. a3 Kd7
40. Kd5 Kc8 41. Kc5 Kd7 42. Kxb5 Bd1 43. Nc5+ Kd6 44. a4 Ke5 45. a5 Kf5 46.
Kxc4 g5 47. hxg5 Kxg5 48. Kd4 Bf3 49. Ke5 h4 50. Ne6+ Kh5 51. Nf4+ Kg5 52.
gxh4+ Kxh4 53. a6 Ba8 54. c4 1-0

[Event "55smm A Steinegg-Deutschnofen"]
[Site "?"]
[Date "2024.03.09"]
[Round "9.6"]
[White "Schgaguler, Guenther"]
[Black "Tonina, Filippo"]
[Result "0-1"]
[WhiteElo "1487"]
[BlackElo "1946"]
[PlyCount "90"]
[EventDate "2024.03.09"]

{[%evp 0,90,22,15,72,71,73,73,86,64,41,47,51,45,40,42,48,35,33,25,33,33,41,50,
21,-7,8,-25,-56,-76,-26,-22,-22,-50,-42,-51,-3,-69,-71,- 71,-69,-76,-39,-97,
-113,-115,-114,-162,-158,-163,-148,-178,-187,-198,-174,-215,-187,-210,-168,
-203,-185,-185,-185,-204,-151,-18 3,-70,-214,-186,-240,-169,-227,-237,-238,
-245,-344,-341,-341,-381,-344,-386,-420,-335,-346,-292,-672,-758,-754,-813,
-886,-901,- 1075,-901]} 1. e4 d6 2. d4 Nf6 3. Nc3 g6 4. Bd3 Bg7 5. Nge2 O-O 6.
O-O Nc6 7. a3 e5 8. d5 Ne7 9. Be3 Ng4 10. Bd2 f5 11. f3 Nf6 12. exf5 Bxf5 13.
Be4 c6 14. Bg5 h6 15. Bxf6 Rxf6 16. Ng3 Qb6+ 17. Kh1 Qxb2 18. Qd2 Qb6 19. Rab1
Qc7 20. Qd3 a6 21. Qc4 b5 22. Qd3 c5 23. Nd1 c4 24. Qd2 Qc5 25. Ne3 Qxa3 26.
Ra1 Qc5 27. Ra5 Bc8 28. c3 Nf5 29. Nc2 Bb7 30. Rfa1 Rff8 31. Nf1 Ra7 32. Nb4
Rfa8 33. Qe2 Bf6 34. g4 Nh4 35. Ne3 Bd8 36. R5a2 Bg5 37. Nf1 a5 38. Nc2 Bxd5
39. Bxd5+ Qxd5 40. Qe4 Qxe4 41. fxe4 Nf3 42. Nb4 axb4 43. Rxa7 Rxa7 44. Rxa7
bxc3 45. Ra2 b4 0-1

[Event "55smm A Tramin/Kaltern-Brixen/Milland"]
[Site "?"]
[Date "2024.03.09"]
[Round "9.1"]
[White "Brenninger, Daniel"]
[Black "Panjkovic, Aleksandar"]
[Result "1-0"]
[WhiteElo "2100"]
[BlackElo "2071"]
[PlyCount "107"]
[EventDate "2024.03.09"]

{[%evp 0,107,29,29,68,74,87,27,38,50,71,50,118,48,83,69,68,68,75,57,45,54,58,
58,55,55,57,41,45,45,62,58,53,40,53,48,52,30,52,13,51,54, 54,54,39,36,56,64,49,
72,76,88,89,63,95,102,133,93,86,84,67,81,97,68,109,114,114,124,120,138,138,125,
102,80,110,80,81,91,89,85,8 8,81,88,80,82,82,100,80,92,80,100,94,88,82,85,66,
66,64,93,64,90,50,100,87,84,76,175,193,200,221]} 1. e4 d6 2. d4 g6 3. c4 Bg7 4.
Nc3 c6 5. Nf3 a6 6. a4 a5 7. Be2 Bg4 8. Be3 Na6 9. Qd2 Nf6 10. h3 Bxf3 11. Bxf3
Nb4 12. O-O O-O 13. Na2 Nxa2 14. Rxa2 Qc7 15. Rc1 Nd7 16. Bg4 Nf6 17. Bf3 Nd7
18. Bg4 Nf6 19. Qd3 h5 20. Be2 Nd7 21. f4 c5 22. d5 Rae8 23. Bf3 h4 24. b3 Bf6
25. Bg4 Kg7 26. Rf1 Rg8 27. Raf2 Ref8 28. Bd2 b6 29. Kh1 Rh8 30. Re2 Bd4 31.
Rfe1 f6 32. Be6 Rh5 33. Qf3 Qd8 34. Qg4 Nb8 35. Rf1 Qe8 36. Rf3 Na6 37. Be1
Rfh8 38. Bd7 Qf7 39. Rf1 Nb4 40. Qf3 Qf8 41. Bg4 R5h7 42. Be6 Rh5 43. Bd2 Na6
44. Qd3 Qd8 45. Be3 Bxe3 46. Rxe3 Rf8 47. Bg4 Rhh8 48. Rfe1 Nc7 49. Kh2 Rf7 50.
g3 hxg3+ 51. Rxg3 Kf8 52. Reg1 Rg7 53. Bf5 e5 54. dxe6 1-0

[Event "55smm A Tramin/Kaltern-Brixen/Milland"]
[Site "?"]
[Date "2024.03.09"]
[Round "9.2"]
[White "Zucchelli, Massimo"]
[Black "Sader, Michael"]
[Result "1/2-1/2"]
[WhiteElo "2113"]
[BlackElo "2093"]
[PlyCount "99"]
[EventDate "2024.03.09"]

{[%evp 0,99,38,31,31,-16,30,34,19,41,46,21,46,40,44,11,24,-3,57,39,73,15,62,37,
54,54,49,49,67,73,76,80,79,61,70,60,43,43,51,51,54,54,5 7,71,74,64,69,73,73,73,
70,43,52,44,56,37,48,53,67,47,72,43,88,80,72,74,80,66,71,69,71,69,69,69,69,68,
69,49,49,48,62,45,49,27,41 ,27,48,48,48,48,47,47,47,38,46,38,38,38,38,38,47,
43]} 1. d4 Nf6 2. c4 c5 3. d5 d6 4. Nc3 g6 5. Nf3 Bg7 6. h3 O-O 7. e3 Na6 8.
Be2 Nc7 9. O-O Rb8 10. Re1 a6 11. a4 b6 12. e4 Nd7 13. Bf4 f6 14. Qd2 Ne5 15.
Nxe5 fxe5 16. Be3 Bd7 17. Rab1 b5 18. axb5 axb5 19. b4 cxb4 20. Nxb5 Bxb5 21.
cxb5 Nxb5 22. Bxb5 Rxb5 23. Rxb4 Rxb4 24. Qxb4 Qb8 25. Rb1 Qxb4 26. Rxb4 Bf6
27. g4 g5 28. Kg2 Kg7 29. Rb7 Rh8 30. Bd2 h5 31. gxh5 Rxh5 32. Rb8 Rh7 33. Kg3
Kg6 34. f3 Rh5 35. Be1 Rh4 36. Kg2 Rh5 37. Ba5 Rh7 38. Rb7 Rh8 39. Be1 Rh5 40.
Bf2 Rh8 41. Rb1 Ra8 42. Kg3 Kh5 43. Be3 Ra2 44. Rb8 Kg6 45. Rc8 Re2 46. Bc1 Ra2
47. Be3 Re2 48. Bc1 Ra2 49. Rc3 Re2 50. Rc7 1/2-1/2

[Event "55smm A Tramin/Kaltern-Brixen/Milland"]
[Site "?"]
[Date "2024.03.09"]
[Round "9.3"]
[White "Kofler, Thomas"]
[Black "Maier, Fridolin"]
[Result "1-0"]
[WhiteElo "1948"]
[BlackElo "1778"]
[PlyCount "39"]
[EventDate "2024.03.09"]

{[%evp 0,39,19,-12,-20,-8,-10,-32,16,-18,7,-21,-5,-18,4,21,20,20,7,-18,-2,-8,
-8,7,-9,-25,26,-14,232,257,223,243,235,233,232,240,293,28 7,507,569,573,485]} 
1. c4 e5 2. Nc3 Nc6 3. g3 f5 4. d3 Bb4 5. a3 Bxc3+ 6. bxc3 d6 7. Bg2 Nf6 8. Nf3
O-O 9. a4 Qe8 10. O-O Qh5 11. Rb1 Rb8 12. Nh4 Na5 13. Bf3 Ng4 14. h3 g5 15.
hxg4 fxg4 16. Bd5+ Kh8 17. Ng2 Rf6 18. Qd2 Rh6 19. Nh4 c6 20. Bh1 1-0

[Event "55smm A Tramin/Kaltern-Brixen/Milland"]
[Site "?"]
[Date "10.03.09"]
[Round "9.4"]
[White "Florian, Andreas"]
[Black "Paulmichl, Martin"]
[Result "1/2-1/2"]
[WhiteElo "1573"]
[BlackElo "1880"]
[PlyCount "68"]
[EventDate "2024.03.09"]

{[%evp 0,68,28,16,75,72,72,65,65,54,69,35,41,7,13,21,22,1,8,-5,17,21,30,17,11,
11,10,24,56,74,71,48,82,65,55,87,101,70,60,62,90,76,98,1 11,114,82,127,126,117,
96,116,124,115,89,132,74,92,-39,-46,-40,0,0,0,-85,0,0,0,0,0,0,0]} 1. d4 f5 2.
Bf4 Nf6 3. e3 e6 4. Nf3 b6 5. c4 Bd6 6. Bg3 O-O 7. Nc3 Bb7 8. Be2 Ne4 9. Qc2
Bxg3 10. hxg3 d5 11. b4 a5 12. b5 Nd7 13. a4 Ndf6 14. Ne5 Qd6 15. O-O Rac8 16.
Rab1 Rfd8 17. Rfc1 dxc4 18. Bxc4 Nxc3 19. Qxc3 Be4 20. Rb2 Bd5 21. Qb3 Re8 22.
Rbc2 Bxc4 23. Rxc4 Nd5 24. f3 Qe7 25. e4 fxe4 26. fxe4 Nf6 27. Qc2 Qd6 28. Rxc7
Qxd4+ 29. Kh1 Rcd8 30. Nc6 Qe3 31. Nxd8 Nxe4 32. Qc6 Qh6+ 33. Kg1 Qe3+ 34. Kh1
Qh6+ 1/2-1/2

[Event "55smm A Tramin/Kaltern-Brixen/Milland"]
[Site "?"]
[Date "2024.03.09"]
[Round "9.5"]
[White "Kofler, Oswald"]
[Black "Leimgruber, Erich"]
[Result "1-0"]
[WhiteElo "1803"]
[BlackElo "1574"]
[PlyCount "105"]
[EventDate "2024.03.09"]

{[%evp 0,105,19,31,34,0,-1,1,-3,-3,74,92,78,62,92,89,133,90,106,53,59,-19,57,
11,7,-53,-50,-53,-24,5,-1,-35,-18,-45,21,7,7,15,15,1,1,-1 0,-13,-13,-22,-38,
-26,-38,-7,-10,-14,-14,14,0,0,-10,0,-17,9,0,30,17,42,42,29,28,26,22,21,28,199,
21,38,33,12,-6,0,0,0,0,0,0,0,0, 0,-27,0,0,0,0,90,102,136,134,152,145,143,183,
202,224,518,432,433,466,740,968,1090,1048]} 1. e4 e5 2. f4 exf4 3. Nf3 d6 4. d4
Be7 5. Bxf4 Nf6 6. Nc3 Bg4 7. Bc4 c6 8. O-O O-O 9. Bd3 Nbd7 10. Qe2 c5 11. dxc5
Nxc5 12. Nd5 Nxd5 13. exd5 Nxd3 14. Qxd3 Bf6 15. Rab1 Re8 16. Kh1 Bxf3 17. Qxf3
Qd7 18. c3 Be5 19. Rf2 Bxf4 20. Qxf4 Re5 21. c4 f6 22. Rbf1 Rae8 23. b3 Re1 24.
g3 Rxf1+ 25. Rxf1 a5 26. Rf2 Re5 27. Qh4 h5 28. Qd4 Qe7 29. Kg2 Re2 30. Qd3
Qe4+ 31. Qxe4 Rxe4 32. Kf3 Re5 33. a3 b6 34. Rb2 b5 35. Rd2 bxc4 36. bxc4 Re1
37. Rc2 Ra1 38. Rc3 Kf7 39. h4 Rf1+ 40. Ke4 Re1+ 41. Kd3 Rg1 42. Kc2 a4 43. Rd3
Rg2+ 44. Kc3 Rg1 45. Kb4 Rc1 46. Re3 Rg1 47. Kxa4 Rb1 48. Rb3 Rxb3 49. Kxb3 Ke7
50. Kc3 g5 51. Kd4 gxh4 52. gxh4 f5 53. Ke3 1-0

[Event "55smm A Tramin/Kaltern-Brixen/Milland"]
[Site "?"]
[Date "2024.03.09"]
[Round "9.6"]
[White "Enderle, Helmuth"]
[Black "Hellweg, Stephan"]
[Result "1/2-1/2"]
[WhiteElo "1495"]
[BlackElo "1730"]
[PlyCount "50"]
[EventDate "2024.03.09"]

{[%evp 0,50,34,26,17,-11,-7,2,7,11,25,25,60,-13,-19,-16,10,2,2,-5,26,-26,-16,
-20,-24,-32,-1,-14,-14,-4,-4,-44,-52,-59,-33,-33,-29,-16, -5,-1,-1,0,8,-33,15,
-23,-41,-35,-41,-417,6,-61,21]} 1. d4 Nf6 2. c4 e6 3. Nc3 Bb4 4. Bd2 c5 5. Nf3
b6 6. Bg5 Bb7 7. e3 cxd4 8. exd4 O-O 9. Bd3 d5 10. O-O dxc4 11. Bxc4 Nbd7 12.
Bb5 Be7 13. Re1 Rc8 14. Rc1 a6 15. Ba4 b5 16. Bb3 Nb6 17. Ne5 b4 18. Ne2 Nbd5
19. Qd3 Rxc1 20. Rxc1 Qd6 21. Bc2 g6 22. Bh6 Rc8 23. Qg3 Bf8 24. Bf4 Bg7 25.
Qh4 Nh5 1/2-1/2